[Event "4NCL 2012-13"]
[Site "Staverton ENG"]
[Date "2013.01.13"]
[Round "4.187"]
[White "James, David"]
[Black "Nelson, Jonathan P"]
[Result "0-1"]
[WhiteTitle "FM"]
[WhiteElo "2147"]
[BlackElo "2221"]
[WhiteTeam "South Wales Dragons"]
[BlackTeam "Blackthorne Russia"]
[WhiteFideId "1800272"]
[BlackFideId "404195"]
[EventDate "2012.11.03"]

1. d4 e6 2. Nf3 f5 3. g3 Nf6 4. Bg2 Be7 5. O-O O-O 6. c4 d6 7. Nc3 a5 8. Qc2 Nc6
9. e4 e5 10. dxe5 dxe5 11. exf5 Ng4 12. h3 Bxf5 13. Qd1 Qxd1 14. Rxd1 Nxf2 15.
Kxf2 e4 16. Ne1 Bc5+ 17. Ke2 Bg4+ 0-1

[Event "4NCL 2012-13"]
[Site "Staverton ENG"]
[Date "2013.02.23"]
[Round "5.111"]
[White "Howell, David W L"]
[Black "Plat, Vojtech"]
[Result "1-0"]
[WhiteTitle "GM"]
[BlackTitle "IM"]
[WhiteElo "2634"]
[BlackElo "2452"]
[WhiteTeam "Wood Green, Hilsmark Kingfisher"]
[BlackTeam "Guildford 2"]
[WhiteFideId "410608"]
[BlackFideId "325740"]
[EventDate "2012.11.03"]

1. d4 Nf6 2. c4 g6 3. Nc3 d5 4. Nf3 Bg7 5. Qb3 dxc4 6. Qxc4 O-O 7. e4 a6 8. Qa4
Nbd7 9. Qa3 Nb6 10. h3 Ne8 11. Be2 Nd6 12. Qb3 Be6 13. d5 Bd7 14. O-O e6 15. Bg5
Qe8 16. Rfe1 h6 17. Be3 exd5 18. Bxb6 cxb6 19. Nxd5 Be6 20. Bf1 b5 21. Rad1 Rd8
22. Qb4 Nc8 23. a4 bxa4 24. Qxb7 Rd6 25. Bxa6 Bxd5 26. exd5 Qd8 27. Ne5 Bxe5 28.
Rxe5 Qf6 29. Rde1 Rb6 30. Qc7 Rxa6 31. Re8 Nd6 32. Rxf8+ Kxf8 33. Qb8+ Kg7 34.
Re3 Nf5 35. Re8 Rb6 36. Qa8 Rxb2 37. Rh8 Qd4 38. Qf8+ Kf6 39. Qd8+ Ne7 40. Qd6+
Kg7 1-0

[Event "4NCL 2012-13"]
[Site "Staverton ENG"]
[Date "2013.02.23"]
[Round "5.112"]
[White "Zhou, Yang-Fan"]
[Black "Rowson, Jonathan"]
[Result "1/2-1/2"]
[WhiteTitle "IM"]
[BlackTitle "GM"]
[WhiteElo "2418"]
[BlackElo "2586"]
[WhiteTeam "Guildford"]
[BlackTeam "Wood Green, Hilsmark Kingfisher"]
[WhiteFideId "468584"]
[BlackFideId "2400561"]
[EventDate "2012.11.03"]

1. e4 c5 2. Nf3 d6 3. d4 cxd4 4. Nxd4 Nf6 5. Nc3 a6 6. h3 e6 7. g4 b5 8. Bg2 Bb7
9. O-O Qc8 10. Re1 Be7 11. a4 b4 12. Nd5 exd5 13. exd5 Kd8 14. Nf5 Bf8 15. c3 h5
16. cxb4 hxg4 17. hxg4 Qc4 18. Bg5 Nd7 19. Rc1 Qxb4 20. Qe2 Ne5 21. f4 Qb6+ 22.
Ne3 Ng6 23. Kf1 Be7 24. Nc4 Qb4 25. f5 Nxd5 26. Bd2 Ngf4 27. Bxb4 Nxe2 28. Ba5+
Kd7 29. Rxe2 Rab8 30. Bxd5 Bxd5 31. Nb6+ Rxb6 32. Bxb6 Rh1+ 33. Bg1 Rh4 34. Rec2
Bd8 35. Rd2 Bg5 36. Rxd5 Bxc1 37. Ra5 Rxg4 38. Rxa6 Rf4+ 39. Ke2 Rxf5 40. b4 g5
41. b5 Ba3 42. Ra7+ Kc8 43. b6 Bb4 44. Bh2 Rd5 45. Bg1 f5 46. Rg7 g4 47. Rg8+
Kb7 48. Rg7+ Kc8 49. Rg8+ Kb7 1/2-1/2

[Event "4NCL 2012-13"]
[Site "Staverton ENG"]
[Date "2013.02.23"]
[Round "5.113"]
[White "Pert, Nicholas"]
[Black "Suarez Real, Alberto"]
[Result "1-0"]
[WhiteTitle "GM"]
[BlackTitle "FM"]
[WhiteElo "2557"]
[BlackElo "2408"]
[WhiteTeam "Wood Green, Hilsmark Kingfisher"]
[BlackTeam "Guildford"]
[WhiteFideId "403989"]
[BlackFideId "2218534"]
[EventDate "2012.11.03"]

1. Nf3 Nf6 2. g3 g6 3. Bg2 Bg7 4. O-O c5 5. c4 O-O 6. Nc3 Nc6 7. d4 cxd4 8. Nxd4
Nxd4 9. Qxd4 d6 10. Qh4 Rb8 11. Bh6 Bxh6 12. Qxh6 Be6 13. b3 Qa5 14. Rac1 Rfc8
15. h3 a6 16. Qe3 Rc7 17. g4 Rbc8 18. f4 Kf8 19. Rcd1 b5 20. f5 gxf5 21. gxf5
Bd7 22. Nd5 Nxd5 23. Bxd5 bxc4 24. Qh6+ Ke8 25. Qg7 Qc5+ 26. Rf2 Kd8 27. Bxf7
Rb7 28. Bxc4 Bb5 29. f6 Kc7 30. f7 Rbb8 31. Bxb5 axb5 32. b4 Qc2 33. Rd3 Kb6 34.
f8=Q Rxf8 35. Rxf8 Qc1+ 36. Kf2 1-0

[Event "4NCL 2012-13"]
[Site "Staverton ENG"]
[Date "2013.02.23"]
[Round "5.114"]
[White "Wall, Gavin"]
[Black "Fontaine, Robert"]
[Result "0-1"]
[WhiteTitle "IM"]
[BlackTitle "GM"]
[WhiteElo "2340"]
[BlackElo "2559"]
[WhiteTeam "Guildford"]
[BlackTeam "Wood Green, Hilsmark Kingfisher"]
[WhiteFideId "2501244"]
[BlackFideId "605590"]
[EventDate "2012.11.03"]

1. e4 c6 2. d4 d5 3. e5 c5 4. dxc5 Nc6 5. Nc3 e6 6. Nf3 Bxc5 7. Bd3 Nge7 8. Na4
Bb4+ 9. Bd2 Ba5 10. O-O Bc7 11. Re1 Ng6 12. Bc3 O-O 13. Bxg6 fxg6 14. Nc5 Qe7
15. Nb3 g5 16. h3 Bd7 17. Qd2 Rf4 18. Nbd4 Raf8 19. Re3 g4 20. hxg4 Rxg4 21.
Rae1 Bb6 22. Rd3 Be8 23. Nh2 Rgf4 24. Nxc6 bxc6 25. Rf3 Qh4 26. Ba5 Rd4 27. Qc3
Rc4 28. Qd2 Bxa5 29. Qxa5 Rxc2 30. Qxa7 Rxb2 31. Ng4 Rxf3 32. gxf3 h5 33. Nh2 d4 0-1

[Event "4NCL 2012-13"]
[Site "Staverton ENG"]
[Date "2013.02.23"]
[Round "5.115"]
[White "Petrov, Marijan"]
[Black "Ciuksyte, Dagne"]
[Result "0-1"]
[WhiteTitle "GM"]
[BlackTitle "IM"]
[WhiteElo "2512"]
[BlackElo "2354"]
[WhiteTeam "Wood Green, Hilsmark Kingfisher"]
[BlackTeam "Guildford 2"]
[WhiteFideId "2901773"]
[BlackFideId "12800619"]
[EventDate "2012.11.03"]

1. e4 c5 2. Nf3 e6 3. c3 Nf6 4. Bd3 Be7 5. O-O O-O 6. Bc2 Nc6 7. Re1 d6 8. d4
cxd4 9. cxd4 e5 10. h3 exd4 11. Nxd4 Nxd4 12. Qxd4 Be6 13. Nc3 Qa5 14. Bf4 Rac8
15. Bxd6 Rfd8 16. Qe5 Qxe5 17. Bxe5 b5 18. Bb3 b4 19. Bxe6 fxe6 20. Na4 Rc2 21.
Rac1 Rxc1 22. Rxc1 Nxe4 23. Rc7 Rd1+ 24. Kh2 Nd2 25. h4 Bf8 26. Rxa7 Nc4 27. Bf4
e5 28. Bg3 e4 29. Rc7 Nd2 30. Bf4 Nf1+ 31. Kh3 Ra1 32. Rc1 Rxa2 33. Nb6 e3 34.
Rxf1 e2 35. Re1 Rxb2 36. Nc4 Rc2 37. Ne3 Ra2 38. Nd5 b3 39. Kg3 b2 40. Bd2 Ra1
41. Nc3 Bb4 42. Rxe2 Ra3 43. Kg4 Bxc3 44. Re8+ Kf7 45. Rb8 Ra4+ 46. Kh3 Rb4 0-1

[Event "4NCL 2012-13"]
[Site "Staverton ENG"]
[Date "2013.02.23"]
[Round "5.121"]
[White "Mah, Karl C C"]
[Black "Hawkins, Jonathan"]
[Result "1/2-1/2"]
[WhiteTitle "IM"]
[BlackTitle "IM"]
[WhiteElo "2415"]
[BlackElo "2511"]
[WhiteTeam "Cambridge University"]
[BlackTeam "Cheddleton"]
[WhiteFideId "404381"]
[BlackFideId "412686"]
[EventDate "2012.11.03"]

1. d4 Nf6 2. c4 g6 3. Nc3 d5 4. cxd5 Nxd5 5. Qb3 Nxc3 6. bxc3 Bg7 7. Ba3 O-O 8.
Nf3 b6 9. e3 Nc6 10. Be2 Na5 11. Qb4 c5 12. Qb2 Be6 13. Nd2 Qc7 14. O-O Rfd8 15.
Rfd1 Rac8 16. Rac1 f5 17. Nb3 Nc4 18. Bxc4 Bxc4 19. dxc5 e5 20. cxb6 axb6 21.
Qc2 e4 22. Rxd8+ Rxd8 23. Nd2 Bf7 24. c4 Qd7 25. Bb4 Be5 26. g3 Bf6 27. a3 Qc6
28. Bc3 Rd3 29. Bxf6 Qxf6 30. a4 Be8 31. Qa2 Kg7 32. Nb3 Rc3 33. Rxc3 Qxc3 34.
a5 bxa5 35. Nxa5 g5 36. Nb3 Qxc4 37. Qa7+ Qf7 38. Qxf7+ Bxf7 39. Nd4 1/2-1/2

[Event "4NCL 2012-13"]
[Site "Staverton ENG"]
[Date "2013.02.23"]
[Round "5.122"]
[White "Rombaldoni, Denis"]
[Black "Dearing, Eddie"]
[Result "1-0"]
[WhiteTitle "IM"]
[BlackTitle "IM"]
[WhiteElo "2510"]
[BlackElo "2418"]
[WhiteTeam "Cheddleton"]
[BlackTeam "Cambridge University"]
[WhiteFideId "813575"]
[BlackFideId "2400731"]
[EventDate "2012.11.03"]

1. d4 d5 2. c4 c6 3. Nc3 Nf6 4. cxd5 cxd5 5. Bf4 Nc6 6. e3 a6 7. Bd3 Bg4 8. Nge2
e6 9. Rc1 Bd6 10. f3 Bh5 11. O-O O-O 12. Na4 Bg6 13. Nc5 Bxc5 14. dxc5 Nd7 15.
Bxg6 hxg6 16. Bd6 Re8 17. e4 dxe4 18. fxe4 Qg5 19. Rc3 Rac8 20. Qe1 e5 21. Rg3
Qh4 22. Rxf7 Kxf7 23. Rf3+ Qf6 24. Qc3 Nd8 25. Rxf6+ gxf6 26. b4 Kg7 27. Qh3 Ne6
28. Nc3 Ndf8 29. Nd5 Kf7 30. Qf3 Nd7 31. h4 Nd4 32. Qg4 Re6 33. Nc7 f5 34. Qd1
Rf6 35. Bxe5 Nxe5 36. Qxd4 Rxc7 37. Qxe5 Re7 38. Qd5+ Kg7 39. exf5 Rxf5 40. Qd4+ 1-0

[Event "4NCL 2012-13"]
[Site "Staverton ENG"]
[Date "2013.02.23"]
[Round "5.123"]
[White "Moskovic, David M"]
[Black "Colovic, Aleksandar"]
[Result "1-0"]
[WhiteTitle "FM"]
[BlackTitle "IM"]
[WhiteElo "2342"]
[BlackElo "2447"]
[WhiteTeam "Cambridge University"]
[BlackTeam "Cheddleton"]
[WhiteFideId "404535"]
[BlackFideId "15000729"]
[EventDate "2012.11.03"]

1. e4 c5 2. d3 Nc6 3. Be2 g6 4. f4 Bg7 5. Nf3 d6 6. O-O Nf6 7. c3 c4 8. Na3 cxd3
9. Bxd3 O-O 10. Qe2 e5 11. fxe5 dxe5 12. Bg5 h6 13. Bh4 g5 14. Bf2 Nh5 15. Rad1
Nf4 16. Qc2 Qe7 17. Nc4 f5 18. Nd6 Nxd3 19. Nxc8 Raxc8 20. Qxd3 Kh8 21. Qd7 b6
22. Qxe7 Nxe7 23. exf5 Rxf5 24. Nd2 Rd8 25. Nc4 Rdf8 26. Nd6 Rf4 27. Bg3 Rxf1+
28. Rxf1 Rxf1+ 29. Kxf1 Kh7 30. Ke2 Kg6 31. Kf3 Nf5 32. Nc8 Kf7 33. Ke4 Ke6 34.
Nxa7 Nd6+ 35. Kd3 Kd5 36. a4 Nc4 37. b3 e4+ 38. Ke2 Na5 39. b4 Nb3 40. Nb5 Kc4
41. Ke3 Kd5 42. Bc7 Nc1 43. Bxb6 Na2 44. a5 Kc6 45. Bd4 Bf8 46. a6 1-0

[Event "4NCL 2012-13"]
[Site "Staverton ENG"]
[Date "2013.02.23"]
[Round "5.124"]
[White "Arkell, Keith C"]
[Black "Bisby, Daniel L"]
[Result "1/2-1/2"]
[WhiteTitle "GM"]
[BlackTitle "FM"]
[WhiteElo "2462"]
[BlackElo "2288"]
[WhiteTeam "Cheddleton"]
[BlackTeam "Cambridge University"]
[WhiteFideId "400270"]
[BlackFideId "404586"]
[EventDate "2012.11.03"]

1. d4 Nf6 2. Nf3 g6 3. c4 Bg7 4. g3 c5 5. Nc3 cxd4 6. Nxd4 O-O 7. Bg2 Qc7 8. b3
d5 9. Ndb5 Qa5 10. Bd2 dxc4 11. bxc4 a6 12. Nd5 Qd8 13. Nbc7 Nxd5 14. Nxa8 Nc3
15. Qb3 Nxe2 16. Kxe2 Bg4+ 17. f3 Nc6 18. Bc3 Bxc3 19. Qxc3 Be6 20. Rhd1 Qxa8
21. c5 a5 22. Rd2 Nb4 23. f4 Rc8 24. a3 Nc6 25. Kf2 a4 26. Re1 Qa7 27. Bd5 Nd8
28. Rc1 Bxd5 29. Rxd5 Ne6 30. Qe3 Qa6 31. Rcd1 Nxc5 32. Qxe7 Ne6 33. f5 Qb6+ 34.
Kf1 Rc2 35. Rd8+ Kg7 36. R8d2 Qb5+ 37. Kg1 Qb6+ 38. Kf1 Qb5+ 39. Kg1 Qb6+ 40.
Kf1 Qb5+ 41. Kf2 Qd3 42. Rxc2 Qxc2+ 43. Ke1 Qe4+ 1/2-1/2

[Event "4NCL 2012-13"]
[Site "Staverton ENG"]
[Date "2013.02.23"]
[Round "5.125"]
[White "Eckersley-Waites, Adam"]
[Black "Paehtz, Elisabeth"]
[Result "0-1"]
[BlackTitle "IM"]
[WhiteElo "2266"]
[BlackElo "2482"]
[WhiteTeam "Cambridge University"]
[BlackTeam "Cheddleton"]
[WhiteFideId "411698"]
[BlackFideId "4641833"]
[EventDate "2012.11.03"]

1. e4 c5 2. Nf3 Nf6 3. Nc3 d6 4. d4 cxd4 5. Nxd4 a6 6. Bg5 Nbd7 7. f4 Qc7 8. Qf3
b5 9. O-O-O Bb7 10. Nd5 Nxd5 11. exd5 Rc8 12. Bd3 Nb6 13. Be4 Qc4 14. Kb1 Bxd5
15. Bxd5 Qxd5 16. Qxd5 Nxd5 17. Nxb5 e6 18. Rhe1 Kd7 19. Na3 h6 20. Bh4 Nxf4 21.
Re4 Nd5 22. Bg3 Rb8 23. Rd3 Be7 24. Nc4 Rhc8 25. a3 f5 26. Red4 Bf6 27. Nxd6
Bxd4 28. Rxd4 f4 29. Bxf4 Rf8 30. Bg3 Nc3+ 0-1

[Event "4NCL 2012-13"]
[Site "Staverton ENG"]
[Date "2013.02.23"]
[Round "5.126"]
[White "Hamitevici, Vladimir"]
[Black "Alfred, Nathan S W"]
[Result "1/2-1/2"]
[WhiteTitle "IM"]
[BlackTitle "FM"]
[WhiteElo "2440"]
[BlackElo "2260"]
[WhiteTeam "Cheddleton"]
[BlackTeam "Cambridge University"]
[WhiteFideId "13902393"]
[BlackFideId "407739"]
[EventDate "2012.11.03"]

1. d4 Nf6 2. c4 g6 3. g3 Bg7 4. Bg2 O-O 5. Nc3 d6 6. Nf3 Nbd7 7. O-O e5 8. e4
exd4 9. Nxd4 Re8 10. h3 a6 11. Be3 Rb8 12. b3 Nc5 13. Qc2 Bd7 14. b4 Ne6 15.
Rfd1 Qc8 16. Nf3 Nd8 17. Kh2 Nc6 18. a3 Ne5 19. Nxe5 Rxe5 20. f3 Rh5 21. h4 Qe8
22. Kg1 Be6 23. Qe2 b5 24. cxb5 axb5 25. Rac1 Bc4 26. Qf2 Ra8 27. Nb1 d5 28.
exd5 Re5 29. Re1 Nxd5 30. Bc5 c6 1/2-1/2

[Event "4NCL 2012-13"]
[Site "Staverton ENG"]
[Date "2013.02.23"]
[Round "5.127"]
[White "Spencer, Carl J"]
[Black "Bellin, Robert"]
[Result "0-1"]
[BlackTitle "IM"]
[WhiteElo "2205"]
[BlackElo "2355"]
[WhiteTeam "Cambridge University"]
[BlackTeam "Cheddleton"]
[WhiteFideId "412171"]
[BlackFideId "400343"]
[EventDate "2012.11.03"]

1. e4 c5 2. Nf3 e6 3. b3 b6 4. c4 Bb7 5. Nc3 Nc6 6. Bb2 Nf6 7. Bd3 d6 8. O-O g6
9. Bb1 e5 10. a3 Bh6 11. Nd5 O-O 12. b4 Nxd5 13. exd5 Nd4 14. Nxd4 cxd4 15. f4
Bxf4 16. Rxf4 exf4 17. Bxd4 Qh4 18. Bf2 Qf6 19. Be4 Qe5 20. Bf3 b5 21. d3 a5 22.
Rc1 axb4 23. axb4 Ra3 24. h3 Rfa8 25. Kh2 Qb2 26. Rc2 Qb3 27. Qc1 Ra1 28. Qd2
Qb1 29. g4 R8a2 30. Bd1 Rxc2 0-1

[Event "4NCL 2012-13"]
[Site "Staverton ENG"]
[Date "2013.02.23"]
[Round "5.128"]
[White "Eggleston, David J"]
[Black "Chevannes, Sabrina L"]
[Result "1-0"]
[WhiteTitle "FM"]
[BlackTitle "WFM"]
[WhiteElo "2337"]
[BlackElo "2083"]
[WhiteTeam "Cheddleton"]
[BlackTeam "Cambridge University"]
[WhiteFideId "412120"]
[BlackFideId "411280"]
[EventDate "2012.11.03"]

1. e4 c6 2. d4 d5 3. Nc3 g6 4. h3 Bg7 5. Nf3 Nh6 6. Bd3 O-O 7. Qe2 f6 8. exd5
cxd5 9. Nxd5 Kh8 10. Nc3 Nc6 11. Be3 Nf5 12. O-O e5 13. dxe5 fxe5 14. Bxf5 Bxf5
15. Rad1 Qc8 16. Nb5 e4 17. Nfd4 Ne5 18. Nd6 Qd7 19. N4xf5 gxf5 20. Nxe4 Qc6 21.
Ng5 Qg6 22. Bd4 Qxg5 23. Bxe5 f4 24. Rfe1 f3 25. Bxg7+ Qxg7 26. Qe5 Rf6 27. g3
Raf8 28. Rd4 Qh6 29. Rg4 Rc8 30. Rd1 Qf8 31. Rf4 Rc6 32. Rxf3 1-0

[Event "4NCL 2012-13"]
[Site "Staverton ENG"]
[Date "2013.02.23"]
[Round "5.131"]
[White "Turner, Matthew J"]
[Black "Rendle, Thomas E"]
[Result "1/2-1/2"]
[WhiteTitle "GM"]
[BlackTitle "IM"]
[WhiteElo "2504"]
[BlackElo "2381"]
[WhiteTeam "Barbican 4NCL"]
[BlackTeam "Sambuca Sharks & Sons of Anarchy"]
[WhiteFideId "402893"]
[BlackFideId "408760"]
[EventDate "2012.11.03"]

1. e4 e6 2. c4 d5 3. exd5 exd5 4. cxd5 Nf6 5. Bb5+ Nbd7 6. Nc3 Be7 7. Nf3 O-O 8.
Bxd7 Qxd7 9. Qb3 Qf5 10. d4 Bd6 11. Be3 b6 12. O-O-O Bb7 13. Ne5 Ng4 14. Qc2
Qxc2+ 15. Kxc2 Nf6 16. Nc4 Nxd5 1/2-1/2

[Event "4NCL 2012-13"]
[Site "Staverton ENG"]
[Date "2013.02.23"]
[Round "5.132"]
[White "Roberson, Peter T"]
[Black "Collins, Sam E."]
[Result "0-1"]
[WhiteTitle "FM"]
[BlackTitle "IM"]
[WhiteElo "2357"]
[BlackElo "2471"]
[WhiteTeam "Sambuca Sharks & Sons of Anarchy"]
[BlackTeam "Barbican 4NCL"]
[WhiteFideId "412384"]
[BlackFideId "2501198"]
[EventDate "2012.11.03"]

1. e4 e5 2. Nf3 Nc6 3. Bb5 f5 4. Nc3 Nf6 5. exf5 e4 6. Ng5 d5 7. d3 h6 8. Ne6
Bxe6 9. fxe6 Qd6 10. dxe4 Qxe6 11. O-O dxe4 12. Re1 Bb4 13. Qd4 O-O 14. Bxc6
Bxc3 15. Qxc3 bxc6 16. Be3 Nd5 17. Qc4 Rf6 18. Rad1 Rg6 19. Rd4 Re8 20. Bd2 Qg4
21. g3 Rge6 22. Qe2 Qf5 23. c4 Nf6 24. Bc3 Ng4 25. Rd7 Rg6 26. Red1 e3 27. f3
Nf2 28. Rd8 Re6 29. R1d7 Rxd8 30. Rxd8+ Kh7 31. Rd7 Rg6 32. Re7 Nh3+ 33. Kf1 Nf4
34. Qxe3 Qh3+ 35. Kf2 Qxh2+ 36. Kf1 Qh3+ 37. Kf2 Qxg3+ 38. Kf1 Qh3+ 39. Ke1 Ng2+ 0-1

[Event "4NCL 2012-13"]
[Site "Staverton ENG"]
[Date "2013.02.23"]
[Round "5.133"]
[White "Cox, John J"]
[Black "Williams, Samuel G"]
[Result "1-0"]
[WhiteTitle "IM"]
[WhiteElo "2396"]
[BlackElo "2253"]
[WhiteTeam "Barbican 4NCL"]
[BlackTeam "Sambuca Sharks & Sons of Anarchy"]
[WhiteFideId "401064"]
[BlackFideId "410977"]
[EventDate "2012.11.03"]

1. c4 Nf6 2. g3 g6 3. Bg2 d5 4. cxd5 Nxd5 5. Nc3 Nb6 6. d3 Bg7 7. Be3 Nc6 8. Rc1
Nd4 9. Qd2 Nf5 10. Bc5 Nd7 11. Ba3 Ne5 12. Rd1 c6 13. e3 O-O 14. Nge2 Bh6 15. h3
Qc7 16. b3 Rd8 17. d4 f6 18. O-O Be6 19. Qc2 Nd7 20. e4 Nd6 21. Nd5 Bxd5 22.
exd5 Rac8 23. dxc6 bxc6 24. Rfe1 Nb6 25. Nc3 Bf8 26. h4 Nf5 27. Qe4 Ng7 28. Rc1
Qd7 29. Red1 e6 30. Bxf8 Rxf8 31. Qe2 Nf5 32. Bh3 Nxd4 33. Rxd4 Qxd4 34. Bxe6+
Kg7 35. Bxc8 Nxc8 36. Qf3 Qd6 37. Ne4 Qe6 1-0

[Event "4NCL 2012-13"]
[Site "Staverton ENG"]
[Date "2013.02.23"]
[Round "5.134"]
[White "Sreeves, Clement"]
[Black "D'Costa, Lorin A R"]
[Result "1-0"]
[BlackTitle "IM"]
[WhiteElo "2223"]
[BlackElo "2426"]
[WhiteTeam "Sambuca Sharks & Sons of Anarchy"]
[BlackTeam "Barbican 4NCL"]
[WhiteFideId "2402564"]
[BlackFideId "409219"]
[EventDate "2012.11.03"]

1. c4 Nf6 2. g3 e6 3. Bg2 d5 4. Nf3 dxc4 5. O-O Nbd7 6. Na3 Bxa3 7. bxa3 O-O 8.
Bb2 Nd5 9. Qc2 c5 10. Qxc4 b6 11. d4 Bb7 12. Rfd1 Qe7 13. e4 N5f6 14. d5 exd5
15. exd5 Rfe8 16. Nh4 Qe2 17. Qc3 Qh5 18. f4 Ba6 19. Bf3 Qh6 20. d6 Rad8 21. Re1
Re6 22. Rxe6 fxe6 23. Re1 Ne8 24. f5 e5 25. Bd5+ Kh8 26. Be6 Nxd6 27. Bxd7 Rxd7
28. Qxe5 Bc4 29. Rd1 Ne4 30. Qe8+ Bg8 31. Qxd7 Qe3+ 32. Kh1 Nf2+ 33. Kg2 1-0

[Event "4NCL 2012-13"]
[Site "Staverton ENG"]
[Date "2013.02.23"]
[Round "5.135"]
[White "Ferguson, Mark"]
[Black "Murphy, Hugh W"]
[Result "1/2-1/2"]
[WhiteTitle "IM"]
[WhiteElo "2402"]
[BlackElo "2152"]
[WhiteTeam "Barbican 4NCL"]
[BlackTeam "Sambuca Sharks & Sons of Anarchy"]
[WhiteFideId "403547"]
[BlackFideId "422444"]
[EventDate "2012.11.03"]

1. e4 c6 2. d4 d5 3. e5 Bf5 4. Nf3 e6 5. Be2 Bb4+ 6. c3 Ba5 7. O-O Nd7 8. Nbd2
Bc7 9. Re1 f6 10. Nh4 Nh6 11. Nf1 fxe5 12. Bxh6 Qxh4 13. Bxg7 Rg8 14. Bh5+ Ke7
15. Bxe5 Nxe5 16. dxe5 Raf8 17. Ng3 Bb6 18. Bf3 Bg4 19. Qa4 Bxf2+ 20. Kxf2 Qxh2
21. Ke3 Qxg3 22. Qxa7 Qf4+ 23. Kd3 Bf5+ 24. Ke2 Qc4+ 25. Kf2 Qh4+ 26. Kg1 Rb8
27. a4 Qg3 28. Qe3 Bh3 29. Re2 Rbf8 30. Rf1 Rf4 31. Qf2 Qg5 32. Qb6 Rg6 33.
Qxb7+ Kf8 34. Ref2 Kg8 35. Qc8+ Rf8 36. Qxf8+ Kxf8 37. Bg4+ Kg7 38. Bxh3 Qxe5
39. Rf7+ Kh6 40. R1f4 Qe3+ 41. Kh1 Qe1+ 42. Rf1 Qg3 43. a5 Qd3 44. R1f4 Rg5 45.
R4f6+ Rg6 46. Rf4 Rg5 47. R4f6+ 1/2-1/2

[Event "4NCL 2012-13"]
[Site "Staverton ENG"]
[Date "2013.02.23"]
[Round "5.136"]
[White "McCullough, Simon L"]
[Black "Rogers, Jonathan W"]
[Result "0-1"]
[BlackTitle "FM"]
[WhiteElo "2070"]
[BlackElo "2328"]
[WhiteTeam "Sambuca Sharks & Sons of Anarchy"]
[BlackTeam "Barbican 4NCL"]
[WhiteFideId "410640"]
[BlackFideId "402052"]
[EventDate "2012.11.03"]

1. Nf3 e6 2. b3 f5 3. Bb2 Nf6 4. g3 Be7 5. Bg2 O-O 6. O-O d6 7. d4 a5 8. c4 Ne4
9. Nfd2 d5 10. f3 Nxd2 11. Qxd2 c5 12. cxd5 exd5 13. dxc5 Bxc5+ 14. Kh1 Nc6 15.
Nc3 d4 16. Nb5 Qb6 17. a4 Be6 18. Rab1 Rad8 19. Ba1 f4 20. gxf4 Ne7 21. Qb2 Nf5
22. Bh3 Ne3 23. Bxe6+ Qxe6 24. Rg1 Rxf4 25. Rg5 Be7 26. Rg3 Bh4 27. Rgg1 Bf2 0-1

[Event "4NCL 2012-13"]
[Site "Staverton ENG"]
[Date "2013.02.23"]
[Round "5.138"]
[White "Kourtseva, Julie"]
[Black "Lauterbach, Ingrid"]
[Result "0-1"]
[BlackTitle "WIM"]
[WhiteElo "1756"]
[BlackElo "2143"]
[WhiteTeam "Sambuca Sharks & Sons of Anarchy"]
[BlackTeam "Barbican 4NCL"]
[WhiteFideId "418749"]
[BlackFideId "405221"]
[EventDate "2012.11.03"]

1. d4 d6 2. Nf3 g6 3. e3 Bg7 4. Bd3 Nd7 5. O-O Ngf6 6. Nbd2 O-O 7. b3 c6 8. Bb2
Qc7 9. c4 Re8 10. Qc2 e5 11. Rfe1 b6 12. e4 exd4 13. Nxd4 Nc5 14. Bf1 a5 15. a3
Bb7 16. Rac1 Rad8 17. b4 axb4 18. axb4 Na6 19. Bc3 d5 20. cxd5 cxd5 21. Nb5 Qb8
22. e5 Ng4 23. Nd6 Re7 24. Nxb7 Qxb7 25. Qb2 Nc7 26. Nf3 Ne6 27. Rcd1 Rc7 28. h3
Nh6 29. Nd4 Nxd4 30. Bxd4 Nf5 31. Bc3 Rdc8 32. Bd2 Rc2 33. Qb1 Nd4 34. Bd3 R2c6
35. Qa2 Re6 36. f4 b5 37. Qb2 Nc6 38. Be3 Bf8 39. Bc5 Bxc5+ 40. bxc5 b4 41. f5
Ree8 42. Qe2 Qa7 43. Rc1 Rxe5 44. Qd2 Rxe1+ 45. Qxe1 Qa8 46. Bb5 Nd4 47. Bf1
Nxf5 48. c6 Qa7+ 49. Kh1 Qb6 50. Rb1 Qxc6 51. Rxb4 Qc1 52. Qf2 Qc5 0-1

[Event "4NCL 2012-13"]
[Site "Staverton ENG"]
[Date "2013.02.23"]
[Round "5.141"]
[White "Holland, James P"]
[Black "Slavin, Alexey"]
[Result "1/2-1/2"]
[BlackTitle "IM"]
[WhiteElo "2245"]
[BlackElo "2397"]
[WhiteTeam "BCM"]
[BlackTeam "e2e4.org.uk"]
[WhiteFideId "416835"]
[BlackFideId "24104388"]
[EventDate "2012.11.03"]

1. c4 b6 2. d4 Bb7 3. d5 e6 4. a3 Qh4 5. Nc3 Qxc4 6. e4 Qc5 7. Be3 Qe7 8. Nf3
Nf6 9. h3 Qd8 10. Bc4 Be7 11. O-O O-O 12. Qd3 exd5 13. exd5 d6 14. Rfe1 Nbd7 15.
Bd4 Re8 16. Re3 Bf8 17. Rae1 Rxe3 18. Qxe3 h6 19. Nh4 b5 20. Ba2 a5 21. Qg3 b4
22. Nf5 g6 23. Ne4 Nxe4 24. Rxe4 Qg5 25. Qxg5 hxg5 26. Ne7+ Bxe7 27. Rxe7 Rd8
28. axb4 axb4 29. Be3 f6 30. Re4 Ba6 31. Rxb4 Rb8 32. Ra4 Bc8 33. Ra7 Rb7 34.
Ra8 Rb8 35. Ra7 Rb7 36. Ra8 Rb8 37. Ra7 1/2-1/2

[Event "4NCL 2012-13"]
[Site "Staverton ENG"]
[Date "2013.02.23"]
[Round "5.142"]
[White "Panjwani, Raja"]
[Black "Wadsworth, Matthew J"]
[Result "1-0"]
[WhiteTitle "IM"]
[WhiteElo "2402"]
[BlackElo "2055"]
[WhiteTeam "e2e4.org.uk"]
[BlackTeam "BCM"]
[WhiteFideId "2604493"]
[BlackFideId "415804"]
[EventDate "2012.11.03"]

1. c4 c6 2. e4 d5 3. cxd5 cxd5 4. exd5 Nf6 5. Nc3 Nxd5 6. Nf3 Nc6 7. Bb5 e6 8.
O-O Be7 9. d4 O-O 10. Re1 Bd7 11. a3 Bf6 12. Ne4 Qb6 13. Nxf6+ Nxf6 14. Bd3 Ne7
15. Bg5 Ned5 16. Qd2 Rac8 17. Re5 a6 18. Rae1 Bb5 19. Bb1 Rfe8 20. Bh6 Ng4 21.
Bxg7 Nxe5 22. Bxe5 f6 23. Bxf6 Nxf6 24. Qg5+ Kf7 25. Ne5+ Ke7 26. Qg7+ Kd6 27.
Qxf6 Kc7 28. Qf4 Qd6 29. Bxh7 Kb8 30. Nd7+ Kc7 31. Ne5 Kb8 32. Qg4 Qd5 33. h4
Rh8 34. Qg7 Rhd8 35. Be4 Rc7 36. Qxc7+ 1-0